| 000 | 00548nam a2200181Ia 4500 | ||
|---|---|---|---|
| 008 | 090123s9999 xx 000 0 und d | ||
| 082 |
_b1186 _a891.463/सावंत |
||
| 100 | _aसावंत शिवाजी | ||
| 245 | _aमृत्युंजय | ||
| 250 | _a1 | ||
| 260 | _bकुलकर्णी अ.अ. | ||
| 300 | _a703 | ||
| 600 | _aसावंत शिवाजी | ||
| 630 | _aमृत्युंजय | ||
| 700 | _aसावंत शिवाजी | ||
| 730 | _aमृत्युंजय | ||
| 942 | _cBOOK | ||
| 999 |
_c39270 _d39270 |
||